[Event "Jermuk Asrian Memorial 7th"]
[Site "Jermuk"]
[Date "2014.06.22"]
[Round "7"]
[White "Torosyan, Norayr"]
[Black "Stamboltsyan, Sargis"]
[Result "1-0"]
[WhiteElo "2322"]
[BlackElo "2190"]
[PlyCount "81"]
[EventDate "2014.06.16"]
[EventType "swiss"]
[EventRounds "9"]
[EventCountry "ARM"]
[SourceTitle "CBM 160 Extra"]
[Source "ChessBase"]
[SourceDate "2014.07.01"]
[SourceVersion "1"]
[SourceVersionDate "2014.07.01"]
[SourceQuality "1"]

1. e4 c5 2. Nf3 e6 3. d4 cxd4 4. Nxd4 a6 5. Bd3 Nf6 6. 0-0 Qc7 7. Qe2 d6 8. c4 Be7 9. Nc3 Nc6 10. Nxc6 bxc6 11. b3 e5 12. Ba3 Bg4 13. Qc2 h5 14. h3 Be6 15. Na4 g5 16. c5 d5 17. exd5 cxd5 18. Bf5 e4 19. Bxe6 fxe6 20. f3 g4 21. fxe4 gxh3 22. exd5 Rg8 23. d6 Qc6 24. Rf2 Ng4 25. Re2 Ne3 26. Qd2 Nxg2 27. Kh2 Bg5 28. d7+ Kd8 29. Qa5+ Ke7 30. Qb6 Bf4+ 31. Kh1 Qd5 32. Nc3 Qf5 33. c6+ Kf7 34. Qc5 Ne3 35. Rxe3 Rg2 36. Qxf5+ exf5 37. Re7+ Kg6 38. Rg1 Rxg1+ 39. Kxg1 h2+ 40. Kh1 Rg8 41. Re8 1-0

[Event "Novosibirsk Siberia"]
[Site "Novosibirsk"]
[Date "2012.07.21"]
[Round "4"]
[White "Stamboltsyan, Sargis"]
[Black "Gubsky, Egor"]
[Result "1-0"]
[WhiteElo "2129"]
[BlackElo "2143"]
[PlyCount "105"]
[EventDate "2012.07.18"]
[EventType "tourn"]
[EventRounds "9"]
[EventCountry "RUS"]
[EventCategory "2"]
[SourceTitle "EXT 2013"]
[Source "ChessBase"]
[SourceDate "2012.11.22"]
[SourceVersion "1"]
[SourceVersionDate "2012.11.22"]
[SourceQuality "1"]

1. c4 Nf6 2. Nf3 e6 3. g3 b6 4. Bg2 Bb7 5. 0-0 Be7 6. Nc3 0-0 7. d3 d5 8. Bf4 c5 9. Nd2 Nc6 10. cxd5 Nxd5 11. Nxd5 exd5 12. e4 Nb4 13. exd5 Bxd5 14. Ne4 f5 15. a3 Nc6 16. Qa4 b5 17. Qa6 fxe4 18. dxe4 Bc4 19. Qxc6 Bxf1 20. Rxf1 Qb6 21. Qd7 Qd8 22. Qxb5 Bg5 23. e5 Rb8 24. Qc4+ Kh8 25. Bxg5 Qxg5 26. Qxc5 Rfc8 27. Qxa7 Rxb2 28. e6 Qe5 29. Qd7 Rbb8 30. Rd1 Re8 31. Bh3 Qh5 32. Kg2 Qa5 33. Bg4 Qxa3 34. Bh5 Qa8+ 35. Bf3 Qa5 36. Bc6 Red8 37. Rd5 Qb6 38. Rb5 Qxb5 39. Bxb5 Rxd7 40. Bxd7 Kg8 41. e7 Kf7 42. e8Q+ Rxe8 43. Bxe8+ Kxe8 44. Kf3 Kf7 45. Ke4 Ke6 46. f4 g6 47. g4 Kf6 48. h4 h5 49. gxh5 gxh5 50. f5 Ke7 51. Ke5 Kf7 52. f6 Kf8 53. Kf5 1-0

[Event "Wch U16"]
[Site "Kemer"]
[Date "2009.11.21"]
[Round "10"]
[White "Stamboltsyan, Sargis"]
[Black "Topak, Engin"]
[Result "1-0"]
[WhiteElo "2057"]
[BlackElo "2162"]
[PlyCount "41"]
[EventDate "2009.11.12"]
[EventType "swiss"]
[EventRounds "11"]
[EventCountry "TUR"]
[SourceTitle "EXT 2010"]
[Source "ChessBase"]
[SourceDate "2010.11.25"]
[SourceVersion "1"]
[SourceVersionDate "2010.11.25"]
[SourceQuality "1"]

1. c4 Nf6 2. Nf3 g6 3. g3 Bg7 4. Bg2 0-0 5. Nc3 d6 6. d3 e5 7. Rb1 h6 8. b4 Nc6 9. Nd2 Ne7 10. Qb3 Rb8 11. b5 Be6 12. Nd5 Nd7 13. Nxe7+ Qxe7 14. Qa3 Nc5 15. Nb3 e4 16. Nxc5 dxc5 17. Bxe4 Bh3 18. Be3 b6 19. Rc1 Kh7 20. Qxa7 f5 21. Bf3 1-0